How idioms work : (Record no. 18343)
[ view plain ]
| 000 -LEADER | |
|---|---|
| fixed length control field | 00808nam a22002297a 4500 |
| 005 - DATE AND TIME OF LATEST TRANSACTION | |
| control field | 20201125063816.0 |
| 008 - FIXED-LENGTH DATA ELEMENTS--GENERAL INFORMATION | |
| fixed length control field | 140706s2010 xxkek fr 001 0 eng d |
| 020 ## - INTERNATIONAL STANDARD BOOK NUMBER | |
| International Standard Book Number | 9781859645543 |
| 040 ## - CATALOGING SOURCE | |
| Original cataloging agency | EG-ScBUE |
| 082 04 - DEWEY DECIMAL CLASSIFICATION NUMBER | |
| Edition number | 22 |
| Classification number | 428.0071 |
| Item number | CLA |
| 100 1# - MAIN ENTRY--PERSONAL NAME | |
| Personal name | Clarke, Yvonne E. |
| 9 (RLIN) | 36041 |
| 245 10 - TITLE STATEMENT | |
| Title | How idioms work : |
| Remainder of title | resource book / |
| Statement of responsibility, etc | Yvonne Clarke ; with illustrations by Martin Jones. |
| 250 ## - EDITION STATEMENT | |
| Edition statement | 1st ed., |
| Remainder of edition statement | garnet ed. |
| 260 ## - PUBLICATION, DISTRIBUTION, ETC. (IMPRINT) | |
| Place of publication, distribution, etc | [London] : |
| Name of publisher, distributor, etc | Garnet Publishing Ltd., |
| Date of publication, distribution, etc | 2010 |
| Place of manufacture | ([Beirut] : |
| Manufacturer | International Press) |
| 300 ## - PHYSICAL DESCRIPTION | |
| Extent | 111 p. : |
| Other physical details | forms, plans ; |
| Dimensions | 30 cm. |
| 500 ## - GENERAL NOTE | |
| General note | Index : p. 109-111. |
| 650 #0 - SUBJECT ADDED ENTRY--TOPICAL TERM | |
| Topical term or geographic name as entry element | English language |
| General subdivision | Idioms |
| -- | Study and teaching |
| 9 (RLIN) | 36042 |
| 653 ## - INDEX TERM--UNCONTROLLED | |
| Resource For college | |
| Arrived date list | July2014 |
| 655 ## - INDEX TERM--GENRE/FORM | |
| Form subdivision | |
| -- | 34232 |
| 700 1# - ADDED ENTRY--PERSONAL NAME | |
| Personal name | Jones, Martin, |
| Relator term | illustrator. |
| 9 (RLIN) | 36043 |
| 942 ## - ADDED ENTRY ELEMENTS (KOHA) | |
| Source of classification or shelving scheme | Dewey Decimal Classification |
| Call number prefix | 428.0071 CLA |
| Withdrawn status | Item status | Source of classification or shelving scheme | Damaged status | Not for loan | Vendor | Home library | Current library | Shelving location | Date acquired | Source of acquisition | Cost, normal purchase price | Serial Enumeration / chronology | Total Checkouts | Total Renewals | Full call number | Barcode | Checked out | Date last seen | Date last borrowed | Cost, replacement price | Koha item type |
|---|---|---|---|---|---|---|---|---|---|---|---|---|---|---|---|---|---|---|---|---|---|
| Dewey Decimal Classification | Baccah | Central Library | Central Library | Second Floor | 06/07/2014 | Purchase | 220.00 | 19833 | 2 | 1 | 428.0071 CLA | 000036051 | 14/02/2016 | 13/01/2016 | 13/01/2016 | 275.00 | Book - Borrowing |